Contemporary essays on Greek ideas : the Kilgore festschrift /

Bibliographic Details
Other Authors: Kilgore, William J. (William Jackson), 1917-, Baird, Robert M., 1937-
Format: Book
Language:English
Published: Waco, Tex. : Baylor University Press, [1987]
Subjects:

MARC

Tag First Indicator Second Indicator Subfields
LEADER 00000cam a2200000 a 4500
001 in00000014852
005 20151007052914.0
008 861230s1987 txu b 01000 eng
010 |a  86064032  
020 |a 0918954460 
035 |a (OCoLC)17105995 
035 |9 AAA9650AM 
040 |a DLC  |c DLC  |d TXA  |d UtOrBLW 
043 |a e-gr--- 
049 |a TXAM  |c [A11081090] 
050 0 0 |a B171  |b .C68 1987 
082 0 |a 180  |2 19 
245 0 0 |a Contemporary essays on Greek ideas :  |b the Kilgore festschrift /  |c edited by Robert M. Baird [and others]. 
264 1 |a Waco, Tex. :  |b Baylor University Press,  |c [1987] 
264 4 |c ©1987 
300 |a xxii, 306 pages ;  |c 24 cm. 
336 |a text  |b txt  |2 rdacontent 
337 |a unmediated  |b n  |2 rdamedia 
338 |a volume  |b nc  |2 rdacarrier 
504 |a "The writings of William J. Kilgore": pages 295-303. 
650 0 |a Philosophy, Ancient. 
650 0 |a Philosophy. 
600 1 0 |a Kilgore, William J.  |q (William Jackson),  |d 1917- 
700 1 |a Kilgore, William J.  |q (William Jackson),  |d 1917- 
700 1 |a Baird, Robert M.,  |d 1937- 
999 |a MARS 
999 f f |s 01163dde-6b24-3c01-bb6a-cecc11b9e649  |i 0353c115-f75b-36f4-b22b-4212736c2f9a  |t 0 
952 f f |p ric  |a Texas A&M University  |b Rellis Campus  |c Joint Library Facility  |d Remote Storage  |t 0  |e B171 .C68 1987  |h Library of Congress classification  |i unmediated -- volume  |m A14811081090 
998 f f |a B171 .C68 1987  |t 0  |l Remote Storage